Pollution from buildings and its control (Record no. 98532)

MARC details
000 -LEADER
fixed length control field 00440cam a2200181 4500
001 - CONTROL NUMBER
control field D10634
008 - FIXED-LENGTH DATA ELEMENTS--GENERAL INFORMATION
fixed length control field 090401t xxu||||| |||| 00| 0 eng d
035 ## - SYSTEM CONTROL NUMBER
System control number (Sirsi) u95578
041 ## - LANGUAGE CODE
Language code of text/sound track or separate title eng
050 ## - LIBRARY OF CONGRESS CALL NUMBER
Classification number 614.79
100 ## - MAIN ENTRY--PERSONAL NAME
Personal name Fletcher, P.J.
245 ## - TITLE STATEMENT
Title Pollution from buildings and its control
300 ## - PHYSICAL DESCRIPTION
Extent i. 10p
350 ## - PRICE (NR) (BK AM CF MU VM SE) [OBSOLETE]
Price 0
520 ## - SUMMARY, ETC.
Summary, etc. In RICS. Legislation relating to buildings... 1977/4
942 ## - ADDED ENTRY ELEMENTS (KOHA)
Suppress in OPAC 0
948 ## - LOCAL PROCESSING INFORMATION (OCLC); SERIES PART DESIGNATOR (RLIN)
c (OCLC) 04/03/1997
Holdings
Withdrawn status Lost status Source of classification or shelving scheme Damaged status Not for loan Home library Current library Shelving location Date acquired Total Checkouts Full call number Barcode Date last seen Copy number Price effective from Koha item type
    Other/Generic Classification Scheme     London London RICS Boxes 13/12/2002   RICS 1977/4 95578-1001 06/08/2019 1 06/08/2019 Reference material